[Event "HUN-chT2 Toth 0910"]
[Site "Hungary"]
[Date "2009.12.20"]
[Round "4.8"]
[White "Samu, Richard"]
[Black "Balvanyos, Istvan"]
[Result "1/2-1/2"]
[WhiteElo "1626"]
[BlackElo "2169"]
[PlyCount "52"]
[EventDate "2009.11.08"]
[EventType "team-tourn"]
[EventRounds "11"]
[EventCountry "HUN"]
[SourceTitle "EXT 2011"]
[Source "ChessBase"]
[SourceDate "2010.11.26"]
[SourceVersion "1"]
[SourceVersionDate "2010.11.26"]
[SourceQuality "1"]
[WhiteTeam "Kkfhazi Honved"]
[BlackTeam "Abony"]
[WhiteTeamCountry "HUN"]
[BlackTeamCountry "HUN"]

1. d4 Nf6 2. Bf4 e6 3. Nf3 d5 4. e3 Bd6 5. Bxd6 cxd6 6. c3 0-0 7. Bd3 b6 8. 0-0 Ba6 9. Bxa6 Nxa6 10. Nbd2 Qd7 11. Qc2 Rac8 12. a3 h6 13. Rfe1 Nc7 14. e4 dxe4 15. Nxe4 Nxe4 16. Rxe4 Ne8 17. Re2 Nf6 18. Rae1 Rc7 19. Nd2 Rfc8 20. Ne4 Qe7 21. Re3 b5 22. Rf3 Nh7 23. Ng3 Nf6 24. Ne4 Nh7 25. Ng3 Nf6 26. Ne4 Nh7 1/2-1/2